000 00618nam a22002417a 4500
001 66392
003 UA-OsUOA
005 20210514164023.0
007 ta
008 20091228b un ||||| |||| 00| 0 ukr d
020 _a5-7288-0005-Х
040 _aUA-OsUOA
_brus
_cUA-OsUOA
_dUA-OsUOA
041 _arus
080 _a821.161.1
090 _a821.161.1
_bМ15
100 _aМаккефри Э.
245 _aКорабль, который пел
260 _aСПб
_c1993
300 _a444 с.
650 7 _a82 Література. Літературознавство
_2UDC
942 _cBK
_2udc
955 _a3
999 _c352217
_d352217